00951nam a2200277 a 450000100100000000500170001000800410002702000150006804000250008308200170010810000240012524500850014925000110023426000360024530000210028150000210030250400310032359000260035465000240038065000230040465000390042765000340046670000410050095201150054199900170065600004796820240506193024.0181008s1999 dr r 000 0 spa d a8484002233 aDO-SdBNPbspacBNPHU a613.2bC117n1 aCabrera, Clara935910aNutrición para una larga vida /cClara Cabrera ; prólogo Rosy Pereyra Ariza. a2a ed. aSanto Domingo :bTaller,c1999. a285 p. ;c21 cm. aIncluye índice aBibliografía : p 272-276 aInventariado, 2018/BT 0aNutrición 912779 4aDietética921810 4aConsejería en nutrición921811 4aHábitos alimenticios9200941 aPereyra Ariza, Rosy,epról.921812 0010718PDaPDbPDcHDd2018-10-08iLF1l0o613.2 C117np47968-10r2020-06-25w2020-06-25yLFPDZNo se presta c47456d47456